000
00274nam a22001217a 4500
003
SGT
082
_a
823.92
_b
LAR
100
_a
LARSSON STIEG
245
_a
THE GIRL WHO KICKED THE HORNETS NEST
260
_a
LONDON
_b
MACLEHOSE PUB
_c
2009
300
_a
745
942
_2
ddc
_c
BK
999
_c
33607
_d
33607